| 000 | 00931nam a22002297a 4500 | ||
|---|---|---|---|
| 003 | NALT | ||
| 005 | 20251125232816.0 | ||
| 008 | s2530 th tha d | ||
| 020 | _a9740755585 | ||
| 040 | _aNALT | ||
| 041 | _atha | ||
| 050 |
_aH 62.A22 _bว559ห 2530 |
||
| 100 | 0 |
_aวิเชียร เกตุสิงห์ _954288 |
|
| 245 | 1 | 0 |
_aหลักการสร้างและวิเคราะห์เครื่องมือที่ใช้ในการวิจัย / _cวิเชียร เกตุสิงห์. |
| 260 |
_aกรุงเทพฯ : _bไทยวัฒนาพานิช, _c2530. |
||
| 300 |
_a128 หน้า : _bภาพประกอบ, ตาราง ; _c24 ซม. |
||
| 650 | 0 |
_aวิจัย _915558 |
|
| 850 | _aNALT | ||
| 856 | 4 | 0 | _uhttps://hdl.handle.net/20.500.14156/411177 |
| 942 |
_cGB _2lcc |
||
| 998 |
_bSAIPHON _cphon _j _kCRON CRON |
||
| 999 |
_c7826 _d7826 |
||